[Event "Top20"]
[Site "?"]
[Date "2000.11.25"]
[Round "3"]
[White "Ollier, Michel"]
[Black "Walter, Alain"]
[Result "1/2-1/2"]
[WhiteElo "1910"]
[BlackElo "1760"]
[PlyCount "109"]
[EventDate "1996.??.??"]

1. e4 c5 2. Nf3 d6 3. d4 cxd4 4. Nxd4 Nf6 5. Nc3 g6 6. Be3 Bg7 7. f3 Nc6 8. Bc4
O-O 9. Qd2 Bd7 10. O-O-O a6 11. h4 Rc8 12. Bb3 Na5 13. h5 Nxb3+ 14. Nxb3 Be6
15. hxg6 fxg6 16. Nd5 Bxd5 17. exd5 Qd7 18. Kb1 Qf5 19. Rhe1 Rf7 20. Bf2 Nxd5
21. Nd4 Bxd4 22. Bxd4 e6 23. b3 Rfc7 24. Rc1 b5 25. Bb2 b4 26. Re4 Rc3 27. Ka1
R3c6 28. Qd4 Nc3 29. Qxb4 Nxe4 30. fxe4 Qf7 31. Qd4 e5 32. Qd3 Rf8 33. c4 Kg7
34. Rh1 h5 35. Qh3 Qf4 36. Qd7+ Rf7 37. Qxc6 Qd2 38. Qd5 Qxg2 39. Rd1 Rf2 40.
Rb1 Rf1 41. c5 Qg1 42. Qd3 Rxb1+ 43. Qxb1 Qxc5 44. a4 h4 45. Ka2 h3 46. Qh1 Qc8
47. Qh2 Qg4 48. Qd2 Qg2 49. Qxd6 h2 50. Qxe5+ Kh6 51. Qh8+ Kg5 52. Qf6+ Kh5 53.
Qe5+ g5 54. Qh8+ Kg4 55. Qc8+ 1/2-1/2

[Event "Top20"]
[Site "?"]
[Date "2000.11.04"]
[Round "3"]
[White "Borie, Christian"]
[Black "Garon, Pierre"]
[Result "0-1"]
[WhiteElo "1790"]
[BlackElo "1930"]
[PlyCount "48"]
[EventDate "1996.??.??"]

1. d4 Nf6 2. Bg5 e6 3. c4 h6 4. Bh4 g5 5. Bg3 Ne4 6. Be5 Bb4+ 7. Nc3 f6 8. Qd3
d5 9. Bg3 f5 10. Be5 Rh7 11. f3 Nf6 12. Rc1 c6 13. a3 Be7 14. c5 Nbd7 15. Bxf6
Bxf6 16. e4 e5 17. exd5 exd4 18. Nce2 Ne5 19. Qd2 Qxd5 20. Nxd4 Re7 21. Kf2
Ng4+ 22. fxg4 Bxd4+ 23. Kg3 Qe5+ 24. Kh3 fxg4# 0-1

[Event "Top20"]
[Site "?"]
[Date "2001.01.27"]
[Round "4"]
[White "Cizeron, Frederic"]
[Black "Deville, Olivier"]
[Result "1-0"]
[WhiteElo "2080"]
[BlackElo "2034"]
[PlyCount "177"]
[EventDate "1996.??.??"]

1. d4 d5 2. Nf3 c6 3. c4 e6 4. cxd5 exd5 5. Nc3 Bd6 6. Bg5 Nf6 7. Qc2 Nbd7 8.
e3 Qa5 9. Bd3 O-O 10. O-O Re8 11. a3 a6 12. b4 Qd8 13. Na2 h6 14. Bh4 g5 15.
Bg3 Bxg3 16. hxg3 Ne4 17. a4 Ndf6 18. Ne5 Nd6 19. Nc3 Ng4 20. Nxg4 Bxg4 21. b5
axb5 22. axb5 Qd7 23. bxc6 bxc6 24. Na4 Reb8 25. Rfc1 Bf5 26. Bxf5 Qxf5 27.
Qxf5 Nxf5 28. Nc5 Ne7 29. Nd7 Rxa1 30. Rxa1 Rb7 31. Ne5 f6 32. Nd3 Kf7 33. Kf1
Ng6 34. Ke2 Ne7 35. Kd2 Ng6 36. Kc3 Ne7 37. Nb4 Rc7 38. Nd3 Rb7 39. Nc5 Rc7 40.
Ra8 Nc8 41. Kb4 Nd6 42. Ka5 Nc4+ 43. Ka6 Kg6 44. Rg8+ Kf7 45. Rd8 Kg6 46. Rd7
Rxd7 47. Nxd7 Nb2 48. Kb6 Nd1 49. Kxc6 Nxf2 50. Kxd5 Ng4 51. Ke4 f5+ 52. Kf3
Kf7 53. Ke2 Ke6 54. Nb6 Kd6 55. Nc4+ Kd5 56. Nd2 f4 57. gxf4 gxf4 58. e4+ Kxd4
59. Kf3 Ne3 60. Nb3+ Ke5 61. Nc5 Kd6 62. Nd3 Nc4 63. Kxf4 Ke6 64. Nf2 Nd6 65.
Ng4 Nf7 66. Ne3 Ne5 67. Nf5 Nf7 68. Nd4+ Kf6 69. Nf3 Ke6 70. e5 Nh8 71. Ke4 Ng6
72. Nd4+ Kf7 73. g3 Ne7 74. Nf5 Ng8 75. Kd5 Kg6 76. Ke6 Kg5 77. Ne3 h5 78. Kf7
Nh6+ 79. Kf8 h4 80. gxh4+ Kf4 81. Kg7 Kxe5 82. Kxh6 Kf6 83. h5 Kf7 84. Kg5 Kg7
85. Nf5+ Kh7 86. h6 Kh8 87. Kg6 Kg8 88. Nd6 Kh8 89. Nf7+ 1-0

[Event "Top20"]
[Site "?"]
[Date "2001.01.27"]
[Round "4"]
[White "Dzaferi, Asip"]
[Black "Dzaferi, Afit"]
[Result "1-0"]
[WhiteElo "1990"]
[BlackElo "1780"]
[PlyCount "79"]
[EventDate "1996.??.??"]

1. d4 d5 2. c4 e6 3. Nc3 c5 4. dxc5 d4 5. Ne4 f5 6. Bg5 Qa5+ 7. Bd2 Qd8 8. Nd6+
Bxd6 9. cxd6 Qxd6 10. Nf3 Nf6 11. c5 Qxc5 12. Rc1 Qxc1 13. Qxc1 Nc6 14. e3 dxe3
15. Bxe3 O-O 16. Bc4 Kh8 17. O-O a6 18. Bc5 Re8 19. Ng5 b5 20. Bb3 Na5 21. Qf4
Nxb3 22. axb3 e5 23. Nf7+ Kg8 24. Nxe5 Be6 25. b4 a5 26. bxa5 Rxa5 27. b4 Ra4
28. Nc6 Ne4 29. Qe5 Nxc5 30. Qxc5 Bc4 31. Rd1 Ra2 32. Ne7+ Kh8 33. Nxf5 Rae2
34. Ne3 Rb2 35. Nxc4 bxc4 36. Qxc4 Rb8 37. h3 h6 38. Qc3 R2xb4 39. Kh2 Rb2 40.
Rd7 1-0

[Event "Top20"]
[Site "?"]
[Date "2001.01.27"]
[Round "4"]
[White "Petit, Didier"]
[Black "Cursoux, Gerard"]
[Result "0-1"]
[WhiteElo "1870"]
[BlackElo "2010"]
[PlyCount "126"]
[EventDate "1996.??.??"]

1. d4 f5 2. Nc3 b6 3. e4 fxe4 4. Nxe4 Nf6 5. Ng3 Bb7 6. Nf3 e6 7. Ne5 Be7 8.
Be3 O-O 9. Bd3 d6 10. Ng4 Nbd7 11. Rg1 c5 12. Qe2 cxd4 13. Bxd4 e5 14. Bc3 Bd5
15. O-O-O Qc7 16. Nxf6+ Nxf6 17. Nh5 Bxa2 18. Nxf6+ Bxf6 19. g3 d5 20. f3 a5
21. h4 Rfe8 22. Bb5 Rec8 23. f4 d4 24. fxe5 dxc3 25. exf6 cxb2+ 26. Kxb2 Bf7
27. Qd3 Qe5+ 28. Kb1 Qxf6 29. Rgf1 Qe6 30. Qa3 Qe5 31. Bd3 Rc7 32. Rf5 Qe6 33.
Rdf1 Rd8 34. h5 Rd4 35. Rb5 Rd5 36. g4 Rxb5+ 37. Bxb5 Qxg4 38. Qd3 Qc8 39. Qf3
Qe6 40. Bd3 Qa2+ 41. Kc1 Qa1+ 42. Kd2 Qc3+ 43. Kd1 Qc5 44. Qe4 Bxh5+ 45. Kc1 g6
46. Qe6+ Kg7 47. Qf6+ Kh6 48. Rf5 Qa3+ 49. Kb1 Qe7 50. Qxe7 Rxe7 51. Rf6 Rb7
52. Be4 Rb8 53. Rf7 Be2 54. Kb2 Bc4 55. Rc7 b5 56. Kc3 Bg8 57. Rc5 b4+ 58. Kb2
a4 59. Ra5 a3+ 60. Ka1 Re8 61. Bd5 Re5 62. c4 bxc3 63. Rxa3 Re1+ 0-1

[Event "Top20"]
[Site "?"]
[Date "2001.01.27"]
[Round "4"]
[White "Roche, Marius"]
[Black "Boblin, Laurent"]
[Result "0-1"]
[WhiteElo "1690"]
[BlackElo "1950"]
[PlyCount "84"]
[EventDate "1996.??.??"]

1. d4 Nf6 2. g3 e6 3. Bg2 d5 4. Nf3 b6 5. O-O Be7 6. Bf4 O-O 7. Nbd2 Ba6 8. Re1
Nbd7 9. c4 c6 10. Rc1 Nh5 11. cxd5 Nxf4 12. gxf4 cxd5 13. Qa4 Bb7 14. Rc2 f5
15. Rec1 Bd6 16. Ne5 Nf6 17. e3 g5 18. f3 gxf4 19. exf4 Nh5 20. Qd7 Qxd7 21.
Nxd7 Rfc8 22. Ne5 Nxf4 23. Rxc8+ Rxc8 24. Rxc8+ Bxc8 25. Bf1 Bxe5 26. dxe5 Ng6
27. f4 Nxf4 28. Kf2 Bd7 29. Ke3 Ng6 30. Nf3 Kg7 31. Kd4 Kh6 32. b3 Ne7 33. a3
Be8 34. h4 Kg6 35. Ba6 h6 36. Be2 Kg7 37. b4 Bh5 38. b5 Ng6 39. Ke3 Bxf3 40.
Kxf3 Nxe5+ 41. Ke3 Nc4+ 42. Bxc4 dxc4 0-1

[Event "Top20"]
[Site "?"]
[Date "2000.12.09"]
[Round "4"]
[White "Massard, Christian"]
[Black "Graillon, David"]
[Result "1/2-1/2"]
[WhiteElo "1880"]
[BlackElo "1860"]
[PlyCount "107"]
[EventDate "1996.??.??"]

1. g3 Nf6 2. Bg2 Nc6 3. d4 e5 4. d5 Nb8 5. Nf3 d6 6. O-O Be7 7. c4 O-O 8. Nc3
a5 9. e4 Bg4 10. Qc2 Na6 11. a3 Nc5 12. Be3 b6 13. Nd2 Qd7 14. f3 Bh3 15. Nb5
Bxg2 16. Kxg2 Rac8 17. b4 Nb7 18. Na7 Ra8 19. Nc6 Rfe8 20. bxa5 Nxa5 21. Nxa5
Rxa5 22. Nb1 Rea8 23. Bd2 Ra4 24. Qb3 Qc8 25. Bb4 Nd7 26. Nc3 R4a6 27. Nb5 Nc5
28. Qc2 Bg5 29. h4 Bf6 30. Rh1 h5 31. Rab1 Qd7 32. Kf2 Rf8 33. Rbg1 Qe7 34. Nc3
Ra7 35. Nd1 Na6 36. Ne3 Nxb4 37. axb4 Rfa8 38. Rb1 g6 39. Rhc1 Ra3 40. Rb3 Bg7
41. Rcb1 Bh6 42. Ng2 Qd7 43. Rxa3 Rxa3 44. Rb3 Qa4 45. Rb2 Qa7 46. b5 Qa5 47.
g4 hxg4 48. fxg4 Rc3 49. Qe2 Qa3 50. g5 Rh3 51. gxh6 Qg3+ 52. Kg1 Qh2+ 53. Kf2
Qg3+ 54. Kg1 1/2-1/2

[Event "Top20"]
[Site "?"]
[Date "2001.01.27"]
[Round "4"]
[White "Rea, Laurent"]
[Black "Clement, Paul"]
[Result "1/2-1/2"]
[WhiteElo "1790"]
[BlackElo "1930"]
[PlyCount "135"]
[EventDate "1996.??.??"]

1. d4 Nf6 2. c4 g6 3. Nc3 Bg7 4. e4 d6 5. Be2 O-O 6. Bg5 h6 7. Be3 e5 8. d5
Nbd7 9. f3 Nh5 10. g3 f5 11. exf5 gxf5 12. Qd2 f4 13. Bf2 b6 14. O-O-O a5 15.
g4 Nhf6 16. h4 Nc5 17. g5 Nh7 18. gxh6 Bxh6 19. Nh3 Bf5 20. Rdg1+ Kh8 21. Bxc5
bxc5 22. Ng5 Bxg5 23. hxg5 Kg7 24. Bd3 Qd7 25. g6 Nf6 26. Bxf5 Qxf5 27. Nb5 Qd7
28. Qg2 Rh8 29. Rh7+ Rxh7 30. gxh7+ Kh8 31. Qg6 Rf8 32. Qh6 Nxh7 33. Rh1 Rf7
34. Nc3 Rg7 35. Ne4 Kg8 36. Qh4 Qe7 37. Qf2 Ng5 38. Nd2 Nh7 39. Ne4 Nf6 40. Nd2
Qf7 41. Nb3 a4 42. Na5 Qg6 43. Nc6 Qg3 44. Qf1 Qg2 45. Qd1 a3 46. bxa3 Qxa2 47.
Qc2 Qxa3+ 48. Qb2 Qxb2+ 49. Kxb2 Rg3 50. Rf1 Rg2+ 51. Kc3 Nh5 52. Ne7+ Kf7 53.
Nf5 Kf6 54. Nh6 Ng3 55. Ra1 Ke7 56. Ra7 Kd7 57. Ra8 Rf2 58. Rg8 Rxf3+ 59. Kd2
Rf2+ 60. Kc3 Rf1 61. Rg7+ Kc8 62. Nf7 e4 63. Rg8+ Kd7 64. Rg7 Kc8 65. Rg8+ Kb7
66. Nd8+ Kb6 67. Nc6 Rf3+ 68. Kc2 1/2-1/2

[Event "Top20"]
[Site "?"]
[Date "2001.01.27"]
[Round "4"]
[White "Verdelli, Maximilien"]
[Black "Walter, Alain"]
[Result "1-0"]
[WhiteElo "1900"]
[BlackElo "1770"]
[PlyCount "85"]
[EventDate "1996.??.??"]

1. d4 d5 2. c4 e6 3. Nc3 Nf6 4. Bg5 Be7 5. Nf3 O-O 6. Qc2 Nc6 7. a3 dxc4 8. e3
Na5 9. Nd2 Nd5 10. Bxe7 Qxe7 11. Nxc4 Nxc4 12. Bxc4 Nxc3 13. Qxc3 c5 14. O-O
cxd4 15. exd4 Bd7 16. Rac1 Rac8 17. Qe3 Qf6 18. Rfd1 Bc6 19. Rc3 Rcd8 20. b4
Qg6 21. f3 a6 22. Bxa6 Bxf3 23. Qxf3 bxa6 24. Rc6 a5 25. b5 Qg5 26. Rc5 Qe7 27.
Qc3 Qa7 28. d5 exd5 29. Qd4 Rc8 30. Rxc8 Qxd4+ 31. Rxd4 Rxc8 32. Rxd5 Rc1+ 33.
Kf2 Rc2+ 34. Ke3 Kf8 35. Rd2 Rxd2 36. Kxd2 Ke7 37. Kc3 Kd6 38. a4 f5 39. Kd4 g5
40. Ke3 h5 41. h4 g4 42. Kf4 Ke6 43. g3 1-0

[Event "Top20"]
[Site "?"]
[Date "2001.01.27"]
[Round "4"]
[White "Bruel, Bruno"]
[Black "Garon, Pierre"]
[Result "0-1"]
[WhiteElo "1790"]
[BlackElo "1890"]
[PlyCount "44"]
[EventDate "1996.??.??"]

1. d4 d5 2. c4 e6 3. Nc3 Nf6 4. Nf3 Be7 5. e3 Nbd7 6. Bd3 c6 7. O-O O-O 8. b3
Re8 9. Bb2 Bd6 10. c5 Bc7 11. b4 e5 12. dxe5 Nxe5 13. Nxe5 Bxe5 14. h3 Be6 15.
f4 Bc7 16. g4 d4 17. Ne2 dxe3 18. f5 Bd5 19. Nf4 Ne4 20. Nxd5 Qxd5 21. Bxe4
Qxe4 22. Qe1 e2 0-1

[Event "Top20"]
[Site "?"]
[Date "2001.01.27"]
[Round "4"]
[White "Bellon, Yves"]
[Black "Ollier, Michel"]
[Result "1-0"]
[WhiteElo "1930"]
[BlackElo "1830"]
[PlyCount "75"]
[EventDate "1996.??.??"]

1. c4 g6 2. d4 Bg7 3. e4 c5 4. d5 d6 5. Bd3 Nf6 6. Nc3 O-O 7. h3 e6 8. f4 exd5
9. cxd5 Re8 10. Nf3 a6 11. a4 Nxe4 12. Bxe4 f5 13. O-O fxe4 14. Ng5 e3 15. Qf3
Ra7 16. Bxe3 Rxe3 17. Qd1 h6 18. Ne6 Bxe6 19. dxe6 Bd4 20. Kh1 Qh4 21. Rf3 Rxe6
22. Qb3 Kf7 23. Raf1 Nd7 24. f5 gxf5 25. Rxf5+ Bf6 26. Nd5 c4 27. Qb4 Kg7 28.
Nf4 Re5 29. Qxd6 b5 30. Nh5+ Qxh5 31. Rxh5 Rxh5 32. axb5 axb5 33. Re1 Be5 34.
Qe7+ Kg6 35. Qe8+ Kg5 36. Qg8+ Kf6 37. Rf1+ Ke7 38. Qf7+ 1-0

[Event "Top20"]
[Site "?"]
[Date "2001.01.06"]
[Round "4"]
[White "Valentin, Alain"]
[Black "Borie, Christian"]
[Result "0-1"]
[WhiteElo "1790"]
[BlackElo "1740"]
[PlyCount "76"]
[EventDate "1996.??.??"]

1. d4 Nf6 2. c4 e6 3. Nc3 Bb4 4. e3 Bxc3+ 5. bxc3 O-O 6. Bd3 c5 7. Ne2 d5 8.
cxd5 exd5 9. f3 Re8 10. O-O Nc6 11. Ng3 cxd4 12. cxd4 Be6 13. a3 Rc8 14. Bb2
Qb6 15. Qd2 Bd7 16. Rae1 h6 17. Kh1 Na5 18. e4 Ba4 19. e5 Nd7 20. Bc1 Nb3 21.
Qf4 Qxd4 22. Qxd4 Nxd4 23. f4 Nc5 24. Bb1 Bb5 25. Rf2 Nd3 26. Bxd3 Bxd3 27. Rd2
Nc2 28. Rg1 Rc3 29. Rgd1 Be4 30. Nxe4 dxe4 31. Bb2 Rc4 32. Rd7 e3 33. e6 Rxe6
34. Rxb7 e2 35. Rd8+ Kh7 36. h3 e1=Q+ 37. Kh2 Rg6 38. Rxf7 Qg3+ 0-1

[Event "Top20"]
[Site "?"]
[Date "2001.03.03"]
[Round "5"]
[White "Dzaferi, Asip"]
[Black "Cizeron, Frederic"]
[Result "0-1"]
[WhiteElo "1990"]
[BlackElo "2080"]
[PlyCount "66"]
[EventDate "1996.??.??"]

1. d4 d5 2. c4 c6 3. Nc3 Nf6 4. e3 Bf5 5. Nf3 h6 6. h3 e6 7. g4 Bh7 8. Ne5 Nbd7
9. cxd5 cxd5 10. Qb3 Rb8 11. Bb5 a6 12. Be2 Nxe5 13. dxe5 Nd7 14. h4 Nxe5 15.
f4 Nd7 16. Qa4 Qb6 17. f5 Qc6 18. fxe6 fxe6 19. Qd4 Qb6 20. Qf4 Bd6 21. Qf3 Ne5
22. Qh3 Nd3+ 23. Bxd3 Bxd3 24. g5 Bf5 25. Qf3 hxg5 26. a3 g4 27. Qg2 Qc7 28. h5
Bg3+ 29. Kd1 Rd8 30. Bd2 d4 31. exd4 Rxd4 32. Kc1 Bf4 33. Rd1 Rxh5 0-1

[Event "Top20"]
[Site "?"]
[Date "2001.03.03"]
[Round "5"]
[White "Cursoux, Gerard"]
[Black "Boblin, Laurent"]
[Result "0-1"]
[WhiteElo "2010"]
[BlackElo "1950"]
[PlyCount "72"]
[EventDate "1996.??.??"]

1. e4 c6 2. d4 d5 3. e5 Bf5 4. Nc3 e6 5. g4 Bg6 6. Nge2 Nd7 7. Nf4 Ne7 8. h4 h6
9. Nxg6 Nxg6 10. h5 Ne7 11. Ne2 c5 12. c3 Nc6 13. a3 Qa5 14. Be3 cxd4 15. b4
Qb6 16. cxd4 Be7 17. Nc3 Rc8 18. Rc1 a6 19. Be2 Qd8 20. O-O O-O 21. Qd2 Ndxe5
22. dxe5 d4 23. Rfd1 dxe3 24. Qxe3 Qc7 25. f4 Rfd8 26. Bd3 Rd7 27. Qe4 Kf8 28.
Qh7 Qb6+ 29. Kg2 Bh4 30. Ne4 Ke7 31. Rc5 Nxb4 32. axb4 Rxc5 33. bxc5 Qb3 34.
Bc2 Qxc2+ 35. Kh3 Rxd1 36. Kxh4 Qh2# 0-1

[Event "Top20"]
[Site "?"]
[Date "2001.03.03"]
[Round "5"]
[White "Deville, Olivier"]
[Black "Dzaferi, Afit"]
[Result "1-0"]
[WhiteElo "2034"]
[BlackElo "1780"]
[PlyCount "139"]
[EventDate "1996.??.??"]

1. Nf3 d5 2. d4 e6 3. g3 c5 4. Bg2 Nc6 5. O-O Nf6 6. c4 cxd4 7. Nxd4 Nxd4 8.
Qxd4 Be7 9. cxd5 exd5 10. Nc3 Be6 11. Rd1 Qa5 12. Nxd5 Nxd5 13. Bxd5 Bf6 14.
Qd2 Qxd2 15. Rxd2 Bxd5 16. Rxd5 O-O 17. Be3 a6 18. Rad1 Rfd8 19. Rxd8+ Rxd8 20.
Rxd8+ Bxd8 21. Bd4 Kf8 22. e4 f6 23. f4 Kf7 24. Kf2 Bc7 25. Kf3 Ke6 26. g4 g6
27. f5+ Ke7 28. h3 b5 29. b3 a5 30. Ke3 Bd6 31. Bb6 a4 32. Kd4 Kd7 33. Kd5 axb3
34. axb3 Bb4 35. Bd4 Be7 36. Bc5 Bd8 37. Bf8 Bb6 38. Bg7 Ke7 39. e5 fxe5 40.
Bxe5 Bf2 41. f6+ Kf7 42. Bc3 Be3 43. Kc6 b4 44. Bxb4 Kxf6 45. Be1 Kg5 46. b4
Kf4 47. b5 Kf3 48. b6 g5 49. b7 Bf4 50. Bd2 Bb8 51. Bxg5 Kg3 52. h4 Kxg4 53.
Kd7 h6 54. Bd8 h5 55. Kc8 Ba7 56. b8=Q Bxb8 57. Kxb8 Kf5 58. Kc8 Ke6 59. Bg5
Kf7 60. Kd7 Kg6 61. Ke6 Kg7 62. Kf5 Kf7 63. Be3 Kg7 64. Kg5 Kh7 65. Kxh5 Kg7
66. Bd4+ Kh7 67. Kg5 Kg8 68. Kg6 Kf8 69. h5 Kg8 70. h6 1-0

[Event "Top20"]
[Site "?"]
[Date "2001.03.03"]
[Round "5"]
[White "Massard, Christian"]
[Black "Bellon, Yves"]
[Result "1/2-1/2"]
[WhiteElo "1880"]
[BlackElo "1930"]
[PlyCount "49"]
[EventDate "1996.??.??"]

1. Nf3 c5 2. g3 b6 3. Bg2 Bb7 4. c4 e6 5. O-O Nf6 6. Nc3 a6 7. d3 Be7 8. e4 d6
9. Bg5 Nbd7 10. Ne1 O-O 11. Nc2 Qc7 12. Bf4 Rad8 13. a3 Rfe8 14. Re1 Bf8 15.
Bg5 g6 16. Qd2 Bg7 17. Re2 Qb8 18. Rb1 Rc8 19. h3 Bc6 20. Bh6 Bh8 21. g4 b5 22.
b3 b4 23. axb4 cxb4 24. Na2 a5 25. d4 1/2-1/2

[Event "Top20"]
[Site "?"]
[Date "2001.03.03"]
[Round "5"]
[White "Graillon, David"]
[Black "Verdelli, Maximilien"]
[Result "1-0"]
[WhiteElo "1860"]
[BlackElo "1900"]
[PlyCount "57"]
[EventDate "1996.??.??"]

1. d4 Nf6 2. Nc3 g6 3. e4 d6 4. Nf3 Bg7 5. Bc4 O-O 6. O-O Bg4 7. h3 Bxf3 8.
Qxf3 Nc6 9. Be3 Nd7 10. Rad1 e5 11. d5 Ne7 12. Bd3 f5 13. Bg5 f4 14. Qg4 Nf6
15. Qe6+ Kh8 16. Bb5 a6 17. Bd7 Neg8 18. Ba4 b5 19. Nxb5 axb5 20. Bxb5 h6 21.
Bxf6 Nxf6 22. a4 Nxe4 23. Qxg6 Nc5 24. b4 Nxa4 25. Bd3 Kg8 26. Qh7+ Kf7 27.
Bg6+ Kf6 28. Bh5 e4 29. Qg6+ 1-0

[Event "Top20"]
[Site "?"]
[Date "2001.02.17"]
[Round "5"]
[White "Garon, Pierre"]
[Black "Petit, Didier"]
[Result "1-0"]
[WhiteElo "1890"]
[BlackElo "1870"]
[PlyCount "129"]
[EventDate "1996.??.??"]

1. c4 Nf6 2. Nc3 e6 3. e4 d5 4. e5 Ne4 5. Nxe4 dxe4 6. Ne2 Nc6 7. Nc3 e3 8.
fxe3 Nxe5 9. d4 Ng6 10. Be2 Bd6 11. Bf3 Nh4 12. O-O Nxf3+ 13. Qxf3 O-O 14. e4
e5 15. d5 a6 16. Be3 b6 17. Qh5 g6 18. Qe2 f5 19. Bh6 Rf7 20. exf5 gxf5 21. Qh5
Qe7 22. Rae1 Bc5+ 23. Kh1 Bd4 24. Rf3 f4 25. Bxf4 Rf5 26. Qg4+ Kh8 27. Bd2 Qg7
28. Qe4 Rxf3 29. Qxf3 Bg4 30. Qd3 Rg8 31. Qg3 Qf7 32. Qd3 Qh5 33. b3 Rf8 34.
Be3 Qh4 35. Rg1 Bf5 36. Qd2 Bg6 37. Ne2 Bxe3 38. Qxe3 e4 39. Ng3 Qe7 40. Re1
Qe5 41. Kg1 Re8 42. Ne2 Qb2 43. Qc3+ Qxc3 44. Nxc3 e3 45. g4 Bd3 46. Kg2 e2 47.
Kf3 Rf8+ 48. Ke3 Rf1 49. Kd2 Kg7 50. Nxe2 Rxe1 51. Kxe1 Bb1 52. Nc3 Bg6 53. Ke2
Kf6 54. Ke3 Ke5 55. Ne2 Be8 56. a3 b5 57. Nf4 c5 58. dxc6 bxc4 59. c7 Bd7 60.
bxc4 Bxg4 61. Nd3+ Kd6 62. Nb4 a5 63. Nd5 Bf5 64. Kd4 Kd7 65. c8=Q+ 1-0

[Event "Top20"]
[Site "?"]
[Date "2001.03.03"]
[Round "5"]
[White "Clement, Paul"]
[Black "Roche, Marius"]
[Result "1/2-1/2"]
[WhiteElo "1930"]
[BlackElo "1690"]
[PlyCount "91"]
[EventDate "1996.??.??"]

1. Nf3 Nf6 2. g3 b6 3. Bg2 Bb7 4. O-O g6 5. d3 Bg7 6. e4 d6 7. h3 O-O 8. Ne1 e5
9. Nc3 Nc6 10. Bg5 h6 11. Bxf6 Bxf6 12. Nf3 Bg7 13. Qd2 Rb8 14. Nd5 Ne7 15. c4
c6 16. Nxe7+ Qxe7 17. Nh4 d5 18. Rad1 Rbd8 19. Qc2 Bf6 20. Nf3 Rd7 21. Nd2 Rfd8
22. Nb1 Qc5 23. b3 dxc4 24. dxc4 Bg5 25. h4 Bf6 26. Rxd7 Rxd7 27. h5 Rd4 28.
hxg6 fxg6 29. Bf3 a5 30. Qe2 Bc8 31. Bg4 Bxg4 32. Qxg4 Kg7 33. Qc8 h5 34. Nc3
Rd3 35. Qc7+ Kh6 36. Ne2 Rd2 37. Qf7 Kg5 38. Kh1 Qe7 39. f4+ Kh6 40. Qxe7 Bxe7
41. Nc3 Bb4 42. Na4 exf4 43. Rxf4 b5 44. cxb5 cxb5 45. Nb6 Rxa2 46. Nd5 1/2-1/2

[Event "Top20"]
[Site "?"]
[Date "2001.03.03"]
[Round "5"]
[White "Walter, Alain"]
[Black "Rea, Laurent"]
[Result "0-1"]
[WhiteElo "1770"]
[BlackElo "1790"]
[PlyCount "76"]
[EventDate "1996.??.??"]

1. e4 c5 2. Nf3 e6 3. d4 cxd4 4. Nxd4 a6 5. c4 Qc7 6. Nc3 Bb4 7. Bd2 Ne7 8. Be2
O-O 9. O-O d6 10. Rc1 Bc5 11. Nb3 Ba7 12. Bf4 e5 13. Bg3 f5 14. Nd5 Nxd5 15.
Qxd5+ Kh8 16. c5 dxc5 17. Bxe5 Qd8 18. Bf3 Nc6 19. Bc3 Qe7 20. Na5 Nd8 21. exf5
Rxf5 22. Rce1 Qf8 23. Qd3 Rf7 24. Nc4 Bf5 25. Qe3 Nc6 26. Bxc6 bxc6 27. Nd6
Qxd6 28. Rd1 Qf8 29. Qg5 Bg6 30. h4 c4 31. h5 Rf5 32. Qg3 Rxh5 33. Rd7 Bf7 34.
Re1 Rf5 35. Re2 Kg8 36. Kf1 g6 37. Qh4 Rh5 38. Qg3 Rh1# 0-1

[Event "Top20"]
[Site "?"]
[Date "2001.03.03"]
[Round "5"]
[White "Borie, Christian"]
[Black "Bruel, Bruno"]
[Result "1-0"]
[WhiteElo "1740"]
[BlackElo "1790"]
[PlyCount "89"]
[EventDate "1996.??.??"]

1. e4 c5 2. Nf3 d6 3. d4 cxd4 4. Nxd4 Nf6 5. Nc3 a6 6. Bg5 e6 7. f4 Be7 8. Qf3
Qc7 9. O-O-O b5 10. Bxb5+ axb5 11. Ndxb5 Qb6 12. Rxd6 Bxd6 13. e5 Bb7 14. Qxb7
Qxb7 15. Nxd6+ Kf8 16. Nxb7 Ne8 17. Rd1 f6 18. exf6 gxf6 19. Bh4 Ke7 20. Rd8
Rf8 21. f5 Nc7 22. Rxf8 Kxf8 23. fxe6 Nxe6 24. Bxf6 Nd7 25. Bh4 Ndc5 26. Nxc5
Nxc5 27. Nd5 Kf7 28. b4 Ne6 29. Kd2 Rc8 30. Bf2 Rc4 31. b5 Nd4 32. Ne3 Rc8 33.
c4 Ne6 34. Kc3 Nc5 35. Bh4 Ra8 36. Kb2 Nd3+ 37. Kc3 Ra3+ 38. Kd4 Nb4 39. Nd5
Nxa2 40. b6 Ra4 41. b7 Nb4 42. Nb6 Ra7 43. Nc8 Ra2 44. Bg3 Rb2 45. Kc3 1-0

[Event "Top20"]
[Site "?"]
[Date "2001.03.03"]
[Round "5"]
[White "Ollier, Michel"]
[Black "Valentin, Alain"]
[Result "1-0"]
[WhiteElo "1830"]
[BlackElo "1790"]
[PlyCount "61"]
[EventDate "1996.??.??"]

1. e4 e6 2. d4 d5 3. Nd2 Nf6 4. e5 Nfd7 5. f4 c5 6. c3 Nc6 7. Ndf3 cxd4 8. cxd4
Qb6 9. g3 Bb4+ 10. Kf2 f6 11. Kg2 O-O 12. Bd3 fxe5 13. fxe5 Kh8 14. Bc2 Be7 15.
h4 Nxd4 16. Nxd4 Nxe5 17. Ngf3 Ng4 18. Qd3 Nf6 19. Bg5 Ne4 20. Bxe7 Qc7 21. Ng5
Rf2+ 22. Kg1 Qxe7 23. Nxe4 dxe4 24. Qxe4 Rxc2 25. Qxc2 Qd6 26. Qf2 e5 27. Nb3
Be6 28. Kh2 Rf8 29. Qe2 Qb6 30. Rhf1 Rc8 31. Rac1 1-0

[Event "Top20"]
[Site "?"]
[Date "2001.03.24"]
[Round "6"]
[White "Cizeron, Frederic"]
[Black "Cursoux, Gerard"]
[Result "1/2-1/2"]
[WhiteElo "2080"]
[BlackElo "2010"]
[PlyCount "68"]
[EventDate "1996.??.??"]

1. Nf3 c5 2. c3 g6 3. d4 cxd4 4. cxd4 Bg7 5. Nc3 Nf6 6. Bg5 h6 7. Bh4 d6 8. e3
O-O 9. Bd3 g5 10. Bg3 Qa5 11. h4 g4 12. Nd2 Nc6 13. Rc1 Nb4 14. Bb1 Qa6 15.
Nde4 Nxe4 16. Nxe4 Be6 17. a3 Nd5 18. Nc3 Rfc8 19. Qd3 Qxd3 20. Bxd3 a6 21. Be4
Nxc3 22. Rxc3 d5 23. Bd3 Rxc3 24. bxc3 b5 25. Kd2 Bd7 26. e4 e6 27. Bd6 Bc6 28.
e5 f5 29. f4 Bf8 30. Bxf8 Kxf8 31. Kc2 Ke7 32. Rb1 Kd7 33. Kb3 Kc7 34. g3 Kb6
1/2-1/2

[Event "Top20"]
[Site "?"]
[Date "2001.03.24"]
[Round "6"]
[White "Garon, Pierre"]
[Black "Dzaferi, Asip"]
[Result "0-1"]
[WhiteElo "1890"]
[BlackElo "1990"]
[PlyCount "54"]
[EventDate "1996.??.??"]

1. d4 d5 2. c4 e5 3. cxd5 Qxd5 4. dxe5 Qxd1+ 5. Kxd1 Nc6 6. Nf3 Bf5 7. Nc3
O-O-O+ 8. Bd2 f6 9. e4 Bg4 10. exf6 Nxf6 11. Be2 Bc5 12. Rf1 Rhe8 13. h3 Bh5
14. Kc1 Nxe4 15. Nxe4 Rxe4 16. Bd1 Nb4 17. Bc3 Nd3+ 18. Kb1 Nxf2 19. Bc2 Re2
20. Bxh7 Nd1 21. Bxg7 Ne3 22. Rc1 Rxg2 23. Bf6 Bxf3 24. Bxd8 Bd4 25. Bc2 Kxd8
26. a4 Nxc2 27. Rxc2 Be4 0-1

[Event "Top20"]
[Site "?"]
[Date "2001.03.24"]
[Round "6"]
[White "Rea, Laurent"]
[Black "Graillon, David"]
[Result "1/2-1/2"]
[WhiteElo "1790"]
[BlackElo "1860"]
[PlyCount "76"]
[EventDate "1996.??.??"]

1. d4 d5 2. c4 c6 3. Nf3 Nf6 4. Nc3 e6 5. Bg5 h6 6. Bh4 dxc4 7. a4 Bb4 8. Qc2
b5 9. axb5 cxb5 10. e3 Bb7 11. Be2 Nbd7 12. O-O a6 13. Bxf6 Nxf6 14. Ne5 h5 15.
Nd1 Ng4 16. h3 Nxe5 17. dxe5 Qg5 18. g3 Qxe5 19. f4 Qe4 20. Qxe4 Bxe4 21. Nf2
Bb7 22. e4 Bc5 23. Bf3 g6 24. Kg2 Ke7 25. g4 h4 26. g5 Be3 27. f5 gxf5 28. exf5
Bxf3+ 29. Kxf3 Bxf2 30. f6+ Kd6 31. Rxf2 Kc5 32. Rd1 Rad8 33. Rxd8 Rxd8 34. Kg4
Rh8 35. g6 fxg6 36. f7 Rf8 37. Kxh4 b4 38. Kg5 Kd6 1/2-1/2

[Event "Top20"]
[Site "?"]
[Date "2001.03.24"]
[Round "6"]
[White "Dzaferi, Afit"]
[Black "Massard, Christian"]
[Result "1/2-1/2"]
[WhiteElo "1780"]
[BlackElo "1880"]
[PlyCount "134"]
[EventDate "1996.??.??"]

1. e4 d5 2. exd5 Qxd5 3. Nc3 Qa5 4. Bc4 Nf6 5. a3 Bf5 6. Qf3 c6 7. d3 e6 8. Bd2
Nbd7 9. Qf4 Qd8 10. Nge2 Nb6 11. Bb3 Bd6 12. Qf3 Nbd7 13. Nd4 Bg6 14. Bg5 Qa5
15. Bd2 Qc7 16. h3 Nc5 17. Ba2 Be5 18. Nde2 Bd6 19. Nf4 O-O-O 20. Nxg6 hxg6 21.
b4 Ncd7 22. Bg5 Be5 23. Bd2 Nd5 24. Nxd5 exd5 25. Rb1 Rde8 26. O-O Re7 27. c4
dxc4 28. Bxc4 Rh5 29. Rfe1 Rf5 30. Qg4 Nf6 31. Qd1 Bh2+ 32. Kh1 Rxf2 33. Rxe7
Qg3 34. Re8+ Kd7 35. Bd5 Kxe8 36. Bf3 g5 37. Be3 Ra2 38. Qe1 Rxa3 39. Bf4+
Qxe1+ 40. Rxe1+ Kd7 41. Bxh2 Rxd3 42. Rd1 Rxd1+ 43. Bxd1 Ne4 44. Bg4+ Ke7 45.
Bb8 Nf2+ 46. Kg1 Nd3 47. Bxa7 g6 48. Bc8 b5 49. Kf1 Kd6 50. Bc5+ Nxc5 51. bxc5+
Kxc5 52. Ke2 Kd4 53. Bd7 Kd5 54. Be8 f5 55. Bxg6 f4 56. Kd3 c5 57. Be4+ Ke5 58.
Bc6 b4 59. Kc4 Kd6 60. Bf3 Ke5 61. Kxc5 b3 62. Bd1 b2 63. Bc2 f3 64. gxf3 Kf4
65. Be4 Kg3 66. Bf5 Kxf3 67. Kc4 Kg3 1/2-1/2